Famous American actors and actresses

Αποθηκεύτηκε σε:
Λεπτομέρειες βιβλιογραφικής εγγραφής
Κύριος συγγραφέας: Wagner, Frederick 1928-
Άλλοι συγγραφείς: Brady, Barbara, McCann, Gerald (Εικονογράφος)
Μορφή: Βιβλίο
Γλώσσα:English
Δημοσίευση: New York : Dodd, Mead & Company, 1961
Σειρά:Famous biographies for young people
Θέματα:
Ετικέτες: Προσθήκη ετικέτας
Δεν υπάρχουν, Καταχωρήστε ετικέτα πρώτοι!

MARC

LEADER 00000cam a2200000 i 4500
001 1/94803
008 081001s1961 eng d
035 |l 10100574 
040 |a GR-MY-UA  |b gre  |e aacr 
041 0 |a eng 
082 0 |a 792.028092  |2 (22) 
100 1 |a Wagner, Frederick  |d 1928- 
245 1 0 |a Famous American actors and actresses /  |c by Frederick Wagner and Barbara Brady ; illustrated by Gerald McCann 
260 |a New York :   |b Dodd, Mead & Company,   |c 1961 
300 |a 159 σ.;  |c 22 εκ. 
490 1 |a Famous biographies for young people 
650 0 0 |a Actors  |z United States  |x Biography. 
650 0 0 |a Actors  |x Biography. 
700 1 |a Brady, Barbara. 
700 1 |a McCann, Gerald.  |4 ill 
830 0 |a Famous biographies for young people 
852 |a INST  |b RHODES  |c AKA  |e 20081001  |h  792.028092 WAG  |p 005400030600  |q 005400030600  |t BK  |y 0 
901 |a BIBL4-2008-3 
909 |a Ρ  |b 153134 
970 |a ΚΟΖΑ  |b ΜΑΡΙΑ  |z 2008/10/01